Minecraft Underwater Mobs Quiz - Statistics

General Stats
  • This quiz has been taken 35 times
  • The average score is 10 of 11
Answer Stats
Description Mobs % Correct
The two most common fish types: Salmon
100%
Drops ink sacs when brutally slaughtered. Squid
97%
The two most common fish types: Cod
93%
An underwater Zombie; can wield a trident. Drowned
93%
Boss version of #1 Elder Guardian
93%
Glow version of #3 Glow Squid
93%
Found defending Ocean Monuments; smaller variant. Guardian
93%
Will inflict poison to any nearby player. Pufferfish
93%
Comes in many different varieties; found everywhere. Tropical Fish
90%
Spawns in Lush Caves; can be found underwater. Axolotl
83%
A “graceful” mob; swims in pods. Dolphin
67%
No matching quizzes found
Score Distribution
Percent of People with Each Score
Percentile by Number Answered
Your Score History
You have not taken this quiz